| 000 | 00567nam a2200193 a 4500 | ||
|---|---|---|---|
| 005 | 20140310183522.0 | ||
| 008 | 110926s19uu xx 00 eng d | ||
| 020 | _a9780749459888 | ||
| 050 |
_aHF 5438.25 _b.D463 2010 |
||
| 100 | _aDenny, Richard | ||
| 245 |
_aWinning new business : _bessential selling skills for non-sales people. / _cRichard Denny. |
||
| 260 |
_aLondon, United Kingdom : _bKoganPage, _c2007. |
||
| 300 |
_a143 p. : _c22 cm. |
||
| 521 | _aBSBA | ||
| 650 | _aSelling. | ||
| 650 | _aSales management. | ||
| 942 |
_cBK _2lcc _kFOR |
||
| 999 |
_c24425 _d24425 |
||